Engineering Mathematics (Record no. 2639)
[ view plain ]
| 000 -LEADER | |
|---|---|
| Fixed length control field | 00389nam a2200169 4500 |
| 003 - CONTROL NUMBER IDENTIFIER | |
| Control field | SEACOMEC |
| 005 - DATE AND TIME OF LATEST TRANSACTION | |
| Control field | 20260317130302.0 |
| 008 - FIXED-LENGTH DATA ELEMENTS--GENERAL INFORMATION | |
| Fixed length control field | 260317b |||||||| |||| 00| 0 eng d |
| 020 ## - INTERNATIONAL STANDARD BOOK NUMBER / ISBN | |
| Price | 480 |
| 040 ## - CATALOGING SOURCE | |
| Original cataloging agency | SEACOMEC |
| 082 ## - DEWEY DECIMAL CLASSIFICATION NUMBER | |
| Classification number | 510.02462 |
| 100 ## - MAIN ENTRY--PERSONAL NAME | |
| Personal name | Pal, B.K |
| 245 ## - TITLE STATEMENT | |
| Title | Engineering Mathematics |
| Statement of responsibility | B.K Pal |
| 260 ## - IMPRINT | |
| Place of publication | Kolkata |
| Name of publisher | U.N Dhur & Sons |
| Date of publication | 2018 |
| 650 ## - SUBJECT ADDED ENTRY--TOPICAL TERM | |
| Topical term | Math |
| 942 ## - ADDED ENTRY ELEMENTS (KOHA) | |
| Koha item type | Gifted/Donated Books |
| Withdrawn status | Lost status | Source of classification | Damaged status | Not for loan | Home library | Current library | Date acquired | Total Checkouts | Call number | Accession number | Checked out | Date last seen | Date checked out | Price effective from | Koha item type |
|---|---|---|---|---|---|---|---|---|---|---|---|---|---|---|---|
| Dewey Decimal Classification | SEACOM ENGINEERING COLLEGE | SEACOM ENGINEERING COLLEGE | 17/03/2026 | 1 | 510.02462 | G519 | 31/03/2026 | 17/03/2026 | 17/03/2026 | 17/03/2026 | Gifted/Donated Books |
